Más allá de la caja brillo: las artes visuales desde la perspectiva posthistórica

محفوظ في:
التفاصيل البيبلوغرافية
المؤلف الرئيسي: Danto, Arthur C (مؤلف)
التنسيق: كتاب
اللغة:الإسبانية
منشور في: Madrid Akal 2003
الطبعة:1a. ed
سلاسل:Arte Contemporáneo, 12
الموضوعات:
الوسوم: إضافة وسم
لا توجد وسوم, كن أول من يضع وسما على هذه التسجيلة!

MARC

LEADER 00000cam a2200000 a 4500
001 UCE2194
003 CL-VaPUC
008 140612e20030000sp |||||||||||||||||spa|d
020 |a 844601307X 
082 0 4 |a 111.85  |b DAN  |2 21 
100 |a Danto, Arthur C  |e author  |9 572406 
245 1 0 |a Más allá de la caja brillo: las artes visuales desde la perspectiva posthistórica 
250 |a 1a. ed 
300 |a 236 p 
942 |c BK 
945 |d 20140612 14:08:00  |a dcastane 
260 |a Madrid  |b Akal  |c 2003 
650 0 |a Estética del arte  |9 413091 
650 0 |a Belleza   |9 265712 
650 0 |a Ontología   |9 256850 
583 |a last modification  |c 20140612 14:08:00  |k Rodrigo Vera 
490 0 |a Arte Contemporáneo, 12 
999 |c 355856  |d 355854 
952 |0 0  |1 0  |3 erb  |4 0  |6 111_850000000000000_DAN_2003  |7 0  |8 R  |9 462791  |a BIBART  |b BIBART  |i 5082498  |o 111.85 DAN 2003  |p 5082498  |r 2025-03-13  |w 2019-11-23  |y BK_R  |z Catalogado en:20140612  |k ART